000 00808nmc a2200277 a 4500
003 AR-BaBNM
005 20251128203853.0
008 011101s1992 ||||||||||||||000 | spa||
020 _a950-02-5786-6
040 _cAR-BaBNM
100 1 _aGuerrero, Ariel H.
245 1 0 _aCurso de creatividad
_bpersonal, científica y gerencial
250 _a2ª ed.
260 _aBuenos Aires
_bEl Ateneo
_c1992
300 1 _axii, 162 p.
_bgráfs.
490 0 _aBiblioteca nuevas orientaciones de la educación. Formación docente
504 _aBibliografía p. 163
650 4 _aCREATIVIDAD
650 4 _aDESARROLLO DE LA CREATIVIDAD
650 4 _aCIENCIA Y TECNOLOGIA
653 0 _aMETODOS EDUCATIVOS
653 0 _aMETODO CIENTIFICO
653 0 _aINNOVACIONES EDUCATIVAS
942 _cBK
998 _cCarmen
999 _c5267
_d5267